LEADER 02320nam 22004095 450 001 9910569297403321 005 20190828104755.0 010 $a0-231-89719-7 024 7 $a10.7312/shou94140 035 $a(CKB)4100000008165789 035 $a(DE-B1597)512084 035 $a(OCoLC)1114895859 035 $a(DE-B1597)9780231897198 035 $a(EXLCZ)994100000008165789 100 $a20190828d1930 fg 101 0 $aeng 135 $aur||||||||||| 181 $ctxt$2rdacontent 182 $cc$2rdamedia 183 $acr$2rdacarrier 200 14$aThe Sales Tax in France /$fCarl S. Shoup 210 1$aNew York, NY : $cColumbia University Press, $d[1930] 210 4$d©1930 215 $a1 online resource 311 $a0-231-94140-4 327 $tFrontmatter -- $tForeword / $rHaig, Robert Murray -- $tPreface -- $tContents -- $tTables -- $tPart I. The Background of the Tax -- $tI. Introduction -- $tII. Parliamentary History of the Tax -- $tPart II. Major Problems in the Application of the Tax -- $tIII. Difficulties of Administration and Control -- $tIV. What Exemptions Should Be Allowed? -- $tV. Should the Turnover Tax Be Replaced by Special Excises? -- $tVI. Special Problems of the Luxury Taxes -- $tVII. Fitting the Import and Export Taxes into the System -- $tPart III. The Legal History of the Turnover Tax -- $tVIII. The "Payments Taxes" -- $tIX. The Domestic Turnover Tax As Passed in 1920 -- $tX. Legal Developments, 1921-1928 -- $tXI. Legal Details of the Luxury Taxes -- $tXII. Legal Details of the Replacement Taxes -- $tXIII. Legal Details of the Import and Export Taxes -- $tPart IV. Economic and Fiscal Aspects of the Turnover Tax -- $tXIV. Economic Effects of the Turnover Tax -- $tXV. The Yield of the Tax -- $tXVI. Summary and Conclusion -- $tAppendix on Recent Developments -- $tBibliography -- $tIndex 330 $aPresents a description, analysis, and appraisal of the productive sales tax in France. 606 $aLAW / Taxation$2bisacsh 615 7$aLAW / Taxation. 700 $aShoup$b Carl S., $0141088 702 $aHaig$b Robert Murray, $4ctb$4https://id.loc.gov/vocabulary/relators/ctb 801 0$bDE-B1597 801 1$bDE-B1597 906 $aBOOK 912 $a9910569297403321 996 $aThe Sales Tax in France$92859171 997 $aUNINA LEADER 03832nam 22007335 450 001 9910299466803321 005 20251113175720.0 010 $a3-642-55182-3 024 7 $a10.1007/978-3-642-55182-6 035 $a(CKB)3710000000111936 035 $a(EBL)1731305 035 $a(OCoLC)884014087 035 $a(SSID)ssj0001237313 035 $a(PQKBManifestationID)11696509 035 $a(PQKBTitleCode)TC0001237313 035 $a(PQKBWorkID)11258536 035 $a(PQKB)10307347 035 $a(MiAaPQ)EBC1731305 035 $a(DE-He213)978-3-642-55182-6 035 $a(PPN)178781797 035 $a(EXLCZ)993710000000111936 100 $a20140506d2014 u| 0 101 0 $aeng 135 $aur|n|---||||| 181 $ctxt 182 $cc 183 $acr 200 10$aProceedings of the Eighth International Conference on Management Science and Engineering Management $eFocused on Intelligent System and Management Science /$fedited by Jiuping Xu, Virgílio António Cruz-Machado, Benjamin Lev, Stefan Nickel 205 $a1st ed. 2014. 210 1$aBerlin, Heidelberg :$cSpringer Berlin Heidelberg :$cImprint: Springer,$d2014. 215 $a1 online resource (787 p.) 225 1 $aAdvances in Intelligent Systems and Computing,$x2194-5365 ;$v280 300 $aDescription based upon print version of record. 311 08$a3-642-55181-5 320 $aIncludes bibliographical references at the end of each chapters and index. 327 $aPart I Intelligent Systems -- Part II Decision Support Systems -- Part III Manufacturing -- Part IV Supply Chain Management. 330 $aThis is the Proceedings of the Eighth International Conference on Management Science and Engineering Management (ICMSEM) held from July 25 to 27, 2014 at Universidade Nova de Lisboa, Lisbon, Portugal and organized by International Society of Management Science and Engineering Management (ISMSEM), Sichuan University (Chengdu, China) and Universidade Nova de Lisboa (Lisbon, Portugal). The goals of the conference are to foster international research collaborations in Management Science and Engineering Management as well as to provide a forum to present current findings. A total number of 138 papers from 14 countries are selected for the proceedings by the conference scientific committee through rigorous referee review. The selected papers in the first volume are focused on Intelligent System and Management Science covering areas of Intelligent Systems, Decision Support Systems, Manufacturing and Supply Chain Management. 410 0$aAdvances in Intelligent Systems and Computing,$x2194-5365 ;$v280 606 $aProduction management 606 $aTelecommunication 606 $aOperations research 606 $aManagement science 606 $aOperations Management 606 $aCommunications Engineering, Networks 606 $aOperations Research, Management Science 615 0$aProduction management. 615 0$aTelecommunication. 615 0$aOperations research. 615 0$aManagement science. 615 14$aOperations Management. 615 24$aCommunications Engineering, Networks. 615 24$aOperations Research, Management Science. 676 $a658.404 702 $aXu$b Jiuping$4edt$4http://id.loc.gov/vocabulary/relators/edt 702 $aCruz-Machado$b Virgílio António$4edt$4http://id.loc.gov/vocabulary/relators/edt 702 $aLev$b Benjamin$4edt$4http://id.loc.gov/vocabulary/relators/edt 702 $aNickel$b Stefan$4edt$4http://id.loc.gov/vocabulary/relators/edt 801 0$bMiAaPQ 801 1$bMiAaPQ 801 2$bMiAaPQ 906 $aBOOK 912 $a9910299466803321 996 $aProceedings of the Eighth International Conference on Management Science and Engineering Management$91921622 997 $aUNINA